Statistics for How to Save a Life

Click here to take the quiz!

General Stats

  • This quiz has been taken 183 times
    (160 since last reset)
  • The average score is 25 of 37

Answer Stats

HintAnswer% Correct
Where did I go wrong,I lost a friend
93%
Had I known howto save a life
84%
And I would have stayedup with you all night
83%
Somewhere alongin the bitterness
83%
Step one you saywe need to talk
82%
He smiles politelyback at you
82%
You stare politelyright on through
82%
You begin to wonderwhy you came
78%
He walks you saysit down it's just a talk
77%
As he goes leftand you stay right
75%
Let him know thatyou know best
74%
Cause after allyou do know best
70%
And pray to Godhe hears you
68%
Some sort of windowto your right
67%
Had I knownhow to save a life
64%
As he begins toraise his voice
63%
Between the linesof fear and blame
60%
Lay down a listof what is wrong
58%
Withoutgranting innocence
55%
You lower yours andgrant him one last choice
52%
He will admitto everything
51%
The things you'vetold him all along
51%
And you'll begin towonder why you came
51%
He will do oneof two things
50%
Try to slip pasthis defense
45%
Or he'll say he'sjust not the same
44%
Drive untilyou lose the road
39%
Type in CHORUS to win!chorus
34%
Or break with theones you've followed
15%

Score Distribution

Percentile by Number Answered

Percent of People with Each Score

Your Score History

You have not taken this quiz since the last reset